000 00539nam a22001697a 4500
005 20251108165551.0
008 250721s1991 xx 000 0 ara d
082 1 4 _aط/612/أنس
245 1 0 _aالإنسان /
264 1 _aالقاهره :
_bالدار الدوليه للنشر و التوزيع،
_c1991.
300 _a32ص
490 0 _aالعالم الصغير
650 1 7 _aالفسيولوجيا
710 2 _aقسم الترجمة و النشر بالدار الدوليه
_eإعداد
942 _2ddc
_cBK
999 _c30939
_d30939